MARC details
| 000 -LEADER |
| campo de control de longitud fija |
02115nam a2200397 i 4500 |
| 001 - NÚMERO DE CONTROL |
| campo de control |
193209 |
| 003 - IDENTIFICADOR DE NÚMERO DE CONTROL |
| campo de control |
SpMaBN |
| 005 - FECHA Y HORA DE LA ÚLTIMA TRANSACCIÓN |
| campo de control |
20250804062654.0 |
| 007 - CAMPO FIJO DE DESCRIPCIÓN FÍSICA--INFORMACIÓN GENERAL |
| campo de control de longitud fija |
ta |
| 008 - DATOS DE LONGITUD FIJA--INFORMACIÓN GENERAL |
| campo de control de longitud fija |
231004s2010 sp | |||| 000 f spa |
| 017 ## - NÚMERO DE COPYRIGHT O DE DEPÓSITO LEGAL |
| Número de copyright o de depósito legal |
B 38278-2010 |
| Agencia que asigna |
Oficina Depósito Legal Barcelona |
| 020 ## - NÚMERO INTERNACIONAL ESTÁNDAR DEL LIBRO |
| Número Internacional Estándar del Libro |
9788401339028 |
| 035 ## - NÚMERO DE CONTROL DEL SISTEMA |
| Número de control de sistema |
(OCoLC)688401821 |
| 035 ## - NÚMERO DE CONTROL DEL SISTEMA |
| Número de control de sistema |
a4856587 |
| 040 ## - FUENTE DE CATALOGACIÓN |
| Centro catalogador/agencia de origen |
SpMaBN |
| Lengua de catalogación |
spa |
| Centro/agencia transcriptor |
SpMaBN |
| Normas de descripción |
rdc |
| Centro/agencia modificador |
ES-MaACL |
| 080 ## - NÚMERO DE LA CLASIFICACIÓN DECIMAL UNIVERSAL |
| Número de la Clasificación Decimal Universal |
821.134.2-31"19" |
| 100 1# - ENTRADA PRINCIPAL--NOMBRE DE PERSONA |
| Nombre de persona |
Martín Garzo, Gustavo, |
| Fechas asociadas al nombre |
1948- |
| Número de control del registro de autoridad o número normalizado |
XX859249 |
| 9 (RLIN) |
234309 |
| Término indicativo de función/relación |
Autor |
| 245 10 - MENCIÓN DEL TÍTULO |
| Título |
Tan cerca del aire / |
| Mención de responsabilidad, etc. |
Gustavo Martín Garzo |
| 250 ## - MENCION DE EDICION |
| Mención de edición |
Primera edición: octubre, 2010 |
| 260 ## - PUBLICACIÓN, DISTRIBUCIÓN, ETC. |
| Lugar de publicación, distribución, etc. |
[Barcelona] : |
| Nombre del editor, distribuidor, etc. |
Plaza & Janés, |
| Fecha de publicación, distribución, etc. |
2010 |
| 300 ## - DESCRIPCIÓN FÍSICA |
| Extensión |
301 p. ; |
| Dimensiones |
24 cm |
| 336 ## - TIPO DE CONTENIDO |
| Fuente |
rdacontent |
| Término de tipo de contenido |
Texto |
| 337 ## - TIPO DE MEDIO |
| Fuente |
rdamedia |
| Nombre/término del tipo de medio |
sin mediación |
| 338 ## - TIPO DE SOPORTE |
| Fuente |
rdacarrier |
| Nombre/término del tipo de soporte |
volumen |
| 500 ## - NOTA GENERAL |
| Nota general |
Índice |
| 520 ## - RESUMEN, ETC. |
| Sumario, etc. |
Después de quedar huérfano, Jonás, el joven cartero de un pueblo, lleva una vida solitaria y melancólica. Pero un día conoce a doña Paula, una enigmática mujer que mantuvo hace tiempo una intensa relación con sus padres. Vencida por el peso de los recuerdos, doña Paula rompe su silencio tras muchos años y desmadeja ante él la historia de cómo el padre del joven conoció a una bella y delicada muchacha muda y cómo entre ambos surgió un amor teñido de pasiones ancestrales e instintos olvidados. Lo que Jonás todavía no sabe es que ese conocimiento lo llevará a descubrir su verdadera identidad y lo arrastrará a un mundo donde la naturaleza y el deseo se entremezclan y confunden. |
| 586 ## - NOTA DE PREMIOS |
| Nota de premios |
IX Premio de Novela Ciudad de Torrevieja, 2010 |
| 655 #0 - TERMINO DE INDIZACIÓN--GENERO/FORMA |
| Datos o término principal de género/forma |
Novelas |
| 9 (RLIN) |
234319 |
| 852 ## - LOCALIZACIÓN |
| Ubicación |
ES-MaACL |
| Sublocalización o colección |
R.154617 |
| itemnumber |
200590 |
| Número de control de estantería |
N-9374 |
| Ubicación en estantería |
Depósito J |
| Encuadernación |
Encuadernación cartoné con sobrecubiertas |
| Anotaciones manuscritas |
Dedicatoria autógrafa del autor |
| Donativo/Legado |
Donación: Gustavo Martín Garzo |
| 903 ## - NOMBRE PERSONAL DE DONANTE |
| a |
Martín Garzo, Gustavo, |
| d |
1948- |
| e |
Donante |
| 9 |
234309 |
| 942 ## - ELEMENTOS DE ENTRADA SECUNDARIOS (KOHA) |
| Suprimir en OPAC |
No |
| Tipo de ítem Koha |
Libro impreso |